000 00575nam a2200145Ia 4500
008 231129s2013||||xx |||||||||||||| ||spa||
020 _a978-958-8181-98-1
040 _bspa
082 _a394.15 R696i
100 _aRodrí­guez Buitrago Julio César
245 0 _aIdeologí­a y liderazgo polí­tico en la periferia: una perspectiva desde el cacicazgo de Suta valle de Leyva entre los siglos XIII y XVI
260 _c2013
264 _aBogotá Colombia : Instituto Colombiano de Antropologí­a e Historia - ICANH
942 _2ddc
_cBKS
999 _c15562
_d15562